000 00617nam a2200181Ia 4500
008 090124s9999 xx 000 0 und d
082 _b26746
100 _aअर्नाळकर बाबुराव
245 _a झुंजार भरारी
250 _a0
260 _bइंदिराबाई बा. अर्नाळकर
_c1988
300 _a122
600 _aअर्नाळकर बाबुराव
630 _a झुंजार भरारी
700 _aअर्नाळकर बाबुराव
730 _a झुंजार भरारी
942 _cBOOK
999 _c94241
_d94241